[Event "10th Varna it"]
[Site "Golden Sands BUL"]
[Date "1971.09.??"]
[Round "4"]
[White "Smejkal, Jan"]
[Black "Vasiukov, Evgeny"]
[Result "0-1"]
[WhiteElo "2515"]
[BlackElo "2570"]
[EventDate "1971.09.02"]
[PlyCount "130"]

1.Nf3 d5 2.g3 c6 3.Bg2 Bg4 4.d3 Nd7 5.Nbd2 e6 6.h3 Bh5 7.b3 Bd6 8.Bb2 Ngf6
9.O-O O-O 10.e4 Ne8 11.Qe1 Nc7 12.e5 Bc5 13.Nh2 a5 14.Kh1 a4 15.a3 Nb5 16.
g4 Bg6 17.f4 Bd4 18.Bxd4 Nxd4 19.Qd1 f6 20.exf6 Rxf6 21.bxa4 Qa5 22.Rb1 
Qc3 23.Nhf3 Nc5 24.Nxd4 Qxd4 25.Nf3 Qxf4 26.Nh4 Qe3 27.Rxf6 gxf6 28.Qf1 
Kg7 29.Re1 Qd4 30.Nf3 Qc3 31.Qf2 Rxa4 32.Qg3 Rxa3 33.Qc7+ Bf7 34.g5 Ra1 
35.Rxa1 Qxa1+ 36.Kh2 Qc1 37.gxf6+ Kxf6 38.d4 Ne4 39.Qe5+ Ke7 40.Qc7+ Kf8 
41.Qxb7 Qf4+ 42.Kg1 Ng5 43.Nxg5 Qxg5 44.Qb8+ Kg7 45.Kh2 Bg6 46.c3 Bf5 47.
Qg3 Kf6 48.Qb8 Kg6 49.Qe8+ Kh6 50.Qxc6 Qf4+ 51.Kg1 Kg5 52.Qc8 Kh4 53.Qg8 
h5 54.Kh1 Be4 55.Bxe4 Qxe4+ 56.Qg2 Qf4 57.Qe2 Qg3 58.c4 Qxh3+ 59.Kg1 dxc4 
60.Qxc4 Qg4+ 61.Kf2 e5 62.Qf7 Qxd4+ 63.Kf3 Qd3+ 64.Kf2 Qg3+ 65.Ke2 Qf4 0-1

[Event "10th Varna it"]
[Site "Golden Sands BUL"]
[Date "1971.09.??"]
[Round "5"]
[White "Damjanovic, Mato"]
[Black "Smejkal, Jan"]
[Result "1/2-1/2"]
[WhiteElo "2490"]
[BlackElo "2515"]
[EventDate "1971.09.02"]
[PlyCount "84"]

1. d4 Nf6 2. c4 g6 3. Nc3 d5 4. Bg5 Ne4 5. Bf4 Nxc3 6. bxc3 Bg7 7. e3 O-O 8.
cxd5 Qxd5 9. Nf3 c5 10. Be2 cxd4 11. cxd4 Qa5+ 12. Qd2 Nc6 13. Rc1 Be6 14. Bc4
Bxc4 15. Rxc4 Qa6 16. Rc5 Rac8 17. Qe2 Qa3 18. O-O b6 19. Rc2 Nb4 20. Rd2 Rc3
21. Be5 Rfc8 22. h4 Qa6 23. Qxa6 Nxa6 24. d5 Bxe5 25. Nxe5 Nb4 26. Rfd1 R8c5
27. e4 Ra3 28. Rb2 a5 29. Nd7 Rc4 30. e5 Rxa2 31. Rxa2 Nxa2 32. Rd2 Nc3 33.
Nxb6 Rd4 34. Rxd4 Ne2+ 35. Kf1 Nxd4 36. Ke1 h5 37. Kd2 Nf5 38. g3 Kf8 39. Kd3
Ke8 40. Nc4 a4 41. Kc3 Kd8 42. Kb4 f6 1/2-1/2

[Event "10th Varna it"]
[Site "Golden Sands BUL"]
[Date "1971.09.??"]
[Round "5"]
[White "Kirov, Nino"]
[Black "Radulov, Ivan"]
[Result "1/2-1/2"]
[WhiteElo "2450"]
[BlackElo "2485"]
[EventDate "1971.09.02"]
[PlyCount "33"]

1. e4 d6 2. d4 Nf6 3. Nc3 g6 4. Nf3 Bg7 5. Bg5 c6 6. Qd2 h6 7. Be3 Bg4 8. Be2
Nbd7 9. O-O Qc7 10. a4 e5 11. a5 g5 12. Rfd1 O-O 13. a6 b6 14. dxe5 dxe5 15.
Qd6 Rac8 16. Qxc7 Rxc7 17. Rd2 1/2-1/2

[Event "10th Varna it"]
[Site "Golden Sands BUL"]
[Date "1971.09.??"]
[Round "5"]
[White "Kolarov, Atanas"]
[Black "Peev, Peicho"]
[Result "1/2-1/2"]
[WhiteElo "2435"]
[BlackElo "2400"]
[EventDate "1971.09.02"]
[PlyCount "36"]

1. d4 Nf6 2. c4 c5 3. d5 b5 4. Nf3 Bb7 5. Nbd2 d6 6. e4 b4 7. Bd3 g6 8. O-O Bg7
9. Re1 Nbd7 10. Nf1 O-O 11. Rb1 a5 12. a4 bxa3 13. bxa3 Qc7 14. Ne3 Rfb8 15.
Qc2 e6 16. Bb2 exd5 17. Nxd5 Bxd5 18. exd5 Re8 1/2-1/2

[Event "10th Varna it"]
[Site "Golden Sands BUL"]
[Date "1971.09.??"]
[Round "5"]
[White "Nikolic, Stanimir"]
[Black "Popov, Luben"]
[Result "1/2-1/2"]
[WhiteElo "2360"]
[BlackElo "2460"]
[EventDate "1971.09.02"]
[PlyCount "24"]

1. e4 c5 2. Nf3 e6 3. d4 cxd4 4. Nxd4 a6 5. Bd3 Nf6 6. Nc3 Qc7 7. O-O Nc6 8.
Be3 Nxd4 9. Bxd4 Bc5 10. Bxc5 Qxc5 11. Kh1 e5 12. Qe2 d6 1/2-1/2

[Event "10th Varna it"]
[Site "Golden Sands BUL"]
[Date "1971.09.??"]
[Round "5"]
[White "Padevsky, Nikola"]
[Black "Gheorghiu, Florin"]
[Result "1/2-1/2"]
[WhiteElo "2460"]
[BlackElo "2530"]
[EventDate "1971.09.02"]
[PlyCount "39"]

1. e4 g6 2. d4 c6 3. Nf3 Bg7 4. Be2 d5 5. Nbd2 dxe4 6. Nxe4 Nd7 7. O-O Ngf6 8.
Nxf6+ Nxf6 9. c3 O-O 10. Re1 Bg4 11. h3 Bxf3 12. Bxf3 e6 13. Qc2 Nd5 14. Bd2 a5
15. Rad1 b5 16. Qc1 a4 17. a3 Re8 18. Bh6 Qd6 19. Bxg7 Kxg7 20. Bxd5 1/2-1/2

[Event "10th Varna it"]
[Site "Golden Sands BUL"]
[Date "1971.09.??"]
[Round "5"]
[White "Spasov, Luben"]
[Black "Basman, Michael John"]
[Result "1-0"]
[WhiteElo "2420"]
[BlackElo "2410"]
[EventDate "1971.09.02"]
[PlyCount "81"]

1. d4 d5 2. c4 e6 3. Nc3 dxc4 4. Nf3 Nd7 5. e3 Nb6 6. a4 a5 7. Ne5 Nf6 8. Nxc4
Nbd5 9. Be2 Bb4 10. Bd2 O-O 11. O-O b6 12. Nxd5 Nxd5 13. Bf3 Ba6 14. b3 Rc8 15.
Rc1 c5 16. e4 cxd4 17. exd5 exd5 18. Bxb4 axb4 19. Ne5 Bxf1 20. Kxf1 Qg5 21.
Nd3 Rxc1 22. Qxc1 Qxc1+ 23. Nxc1 Rc8 24. Na2 b5 25. axb5 Rc5 26. b6 Rb5 27. Ke2
Kf8 28. b7 Rxb7 29. Bxd5 Rb5 30. Bc4 Rb8 31. Kd3 Ke7 32. Kxd4 Kd6 33. Bd3 g6
34. Kc4 Ke5 35. Nxb4 Rc8+ 36. Kb5 Kd4 37. Bc4 f5 38. Nc6+ Kc3 39. Kc5 Kd2 40.
b4 Ke1 41. f4 1-0

[Event "10th Varna it"]
[Site "Golden Sands BUL"]
[Date "1971.09.??"]
[Round "5"]
[White "Szilagyi, Gyorgy"]
[Black "Minev, Nikolai"]
[Result "1/2-1/2"]
[WhiteElo "2370"]
[BlackElo "2455"]
[EventDate "1971.09.02"]
[PlyCount "64"]

1. c4 g6 2. g3 Bg7 3. Bg2 e5 4. Nc3 d6 5. d3 Nc6 6. f4 Nge7 7. Nf3 O-O 8. O-O
h6 9. Kh1 Be6 10. e4 Qd7 11. Nd5 f5 12. Be3 Kh7 13. Qd2 Rae8 14. Rae1 Ng8 15.
Bg1 a6 16. b3 Nd4 17. Nxd4 exd4 18. Re2 c6 19. Nb4 h5 20. Nc2 c5 21. Ne1 Bf6
22. Nf3 Bd8 23. e5 d5 24. Rb1 a5 25. Qe1 b6 26. h4 Nh6 27. a3 dxc4 28. bxc4 Nf7
29. Qd1 Bc7 30. Reb2 Rb8 31. Bf2 Rfc8 32. Be1 Kg7 1/2-1/2

[Event "10th Varna it"]
[Site "Golden Sands BUL"]
[Date "1971.09.??"]
[Round "5"]
[White "Vasiukov, Evgeny"]
[Black "Bobotsov, Milko"]
[Result "1/2-1/2"]
[WhiteElo "2570"]
[BlackElo "2485"]
[EventDate "1971.09.02"]
[PlyCount "84"]

1.e4 c5 2.Nf3 Nc6 3.d4 cxd4 4.Nxd4 Qc7 5.Nc3 e6 6.g3 a6 7.Bg2 Nf6 8.O-O 
Be7 9.Re1 d6 10.Nxc6 bxc6 11.e5 dxe5 12.Rxe5 Bb7 13.Bf4 Bd6 14.Rxe6+ fxe6 
15.Bxd6 Qd7 16.Bc5 Qxd1+ 17.Rxd1 Rd8 18.Re1 Kf7 19.Ne4 Nxe4 20.Bxe4 Rhe8 
21.Kg2 e5 22.Re3 g6 23.Rf3+ Kg7 24.Rb3 Rd7 25.Rb6 Rc7 26.a4 Rd8 27.Kf3 Kf6
28.Ke3 Ke6 29.h4 a5 30.c3 Ra8 31.Kd3 Ra6 32.f3 Bc8 33.Kc2 Kd7 34.g4 Rxb6 
35.Bxb6 Rb7 36.Bxa5 Ra7 37.b4 Ba6 38.Kb3 Be2 39.Kc2 Ra8 40.Kd2 Bc4 41.Bc2 
Rf8 42.Ke3 Bd5 1/2-1/2

[Event "10th Varna it"]
[Site "Golden Sands BUL"]
[Date "1971.09.??"]
[Round "6"]
[White "Basman, Michael John"]
[Black "Nikolic, Stanimir"]
[Result "1-0"]
[WhiteElo "2410"]
[BlackElo "2360"]
[EventDate "1971.09.02"]
[PlyCount "117"]

1. d4 g6 2. g3 Bg7 3. Bg2 f5 4. Nf3 Nf6 5. b3 e6 6. Ba3 d6 7. Qd3 O-O 8. Nbd2
Nc6 9. O-O a5 10. c3 Re8 11. e4 d5 12. exf5 exf5 13. Ne1 Ne4 14. Ndf3 f4 15.
Bb2 a4 16. bxa4 Rxa4 17. gxf4 Qf6 18. Qd1 Ra6 19. Nd3 Na5 20. Nfe5 c6 21. Re1
Nd6 22. Ba3 Nac4 23. Bxd6 Nxd6 24. Nc5 Ra8 25. Qf3 Bf5 26. a4 b6 27. Ncd3 Ne4
28. Nb4 Rec8 29. c4 Nd2 30. Qc3 Nxc4 31. Nxd5 cxd5 32. Bxd5+ Be6 33. Bxa8 Nxe5
34. dxe5 Qxf4 35. Qf3 Qc4 36. Qe4 Qc5 37. Red1 Kh8 38. Rac1 Qxc1 39. Rxc1 Rxc1+
40. Kg2 Rc5 41. f4 Rc4 42. Qf3 Rxa4 43. Bd5 Bf5 44. Qe3 Bf8 45. Qxb6 Be4+ 46.
Bxe4 Rxe4 47. Kf3 Re1 48. Qd8 Kg8 49. Kf2 Ra1 50. h4 Ra2+ 51. Kf3 Ra7 52. Ke4
Kg7 53. e6 Rb7 54. h5 Re7 55. h6+ Kg8 56. Qc8 Ra7 57. Qb8 Ra1 58. Kf3 Re1 59.
Qe8 1-0

[Event "10th Varna it"]
[Site "Golden Sands BUL"]
[Date "1971.09.??"]
[Round "6"]
[White "Bobotsov, Milko"]
[Black "Peev, Peicho"]
[Result "1-0"]
[WhiteElo "2485"]
[BlackElo "2400"]
[EventDate "1971.09.02"]
[PlyCount "43"]

1. d4 Nf6 2. c4 c5 3. Nf3 cxd4 4. Nxd4 e6 5. Nc3 a6 6. g3 Qc7 7. e3 Nc6 8. Be2
h5 9. Bd2 h4 10. g4 h3 11. g5 Ng8 12. Qc2 Bd6 13. Nxc6 dxc6 14. Ne4 Bf8 15.
O-O-O Bd7 16. Bc3 O-O-O 17. f4 c5 18. Bf3 Bc6 19. Be5 Rxd1+ 20. Rxd1 Qa5 21.
Qd3 f6 22. Nd6+ 1-0

[Event "10th Varna it"]
[Site "Golden Sands BUL"]
[Date "1971.09.??"]
[Round "6"]
[White "Gheorghiu, Florin"]
[Black "Kirov, Nino"]
[Result "1-0"]
[WhiteElo "2530"]
[BlackElo "2450"]
[EventDate "1971.09.02"]
[PlyCount "65"]

1. Nf3 Nf6 2. c4 g6 3. Nc3 d5 4. cxd5 Nxd5 5. Qa4+ c6 6. Qd4 f6 7. e4 Nb6 8.
Qxd8+ Kxd8 9. d4 Bg4 10. Be2 Bxf3 11. gxf3 N8d7 12. h4 e5 13. dxe5 Nxe5 14. h5
Bd6 15. f4 Nf7 16. Be3 Kc7 17. O-O-O Raf8 18. Kb1 Nd8 19. e5 fxe5 20. Ne4 Be7
21. fxe5 Nd5 22. Nf6 Bxf6 23. exf6 Nf7 24. Bg4 Re8 25. Bd4 Kb8 26. Bd7 Re2 27.
hxg6 hxg6 28. Rxh8+ Nxh8 29. Rh1 Nf7 30. Rh7 Ng5 31. Rg7 Nb4 32. Re7 Kc7 33.
Bg4+ 1-0

[Event "10th Varna it"]
[Site "Golden Sands BUL"]
[Date "1971.09.??"]
[Round "6"]
[White "Minev, Nikolai"]
[Black "Padevsky, Nikola"]
[Result "1/2-1/2"]
[WhiteElo "2455"]
[BlackElo "2460"]
[EventDate "1971.09.02"]
[PlyCount "43"]

1. d4 Nf6 2. c4 e6 3. Nf3 d5 4. Nc3 Be7 5. Bg5 O-O 6. e3 h6 7. Bh4 Ne4 8. Bxe7
Qxe7 9. Qc2 Nxc3 10. Qxc3 c6 11. Bd3 Nd7 12. cxd5 exd5 13. O-O Nf6 14. Ne5 Re8
15. Rac1 Nd7 16. Nxd7 Bxd7 17. b4 a6 18. a4 Rec8 19. Qd2 Qd6 20. Qb2 Rcb8 21.
Qc3 Rc8 22. Qb2 1/2-1/2

[Event "10th Varna it"]
[Site "Golden Sands BUL"]
[Date "1971.09.??"]
[Round "6"]
[White "Popov, Luben"]
[Black "Szilagyi, Gyorgy"]
[Result "1-0"]
[WhiteElo "2460"]
[BlackElo "2370"]
[EventDate "1971.09.02"]
[PlyCount "129"]

1. d4 Nf6 2. c4 g6 3. Nc3 d5 4. cxd5 Nxd5 5. Qb3 Nb6 6. Nf3 Be6 7. Qd1 Bg7 8.
Bf4 O-O 9. e3 c6 10. Be2 N8d7 11. O-O Bc4 12. Bxc4 Nxc4 13. Qb3 b5 14. Rfd1 Qb6
15. d5 Nc5 16. Qc2 Nxb2 17. Qxb2 b4 18. Be5 Bxe5 19. Nxe5 bxc3 20. Qxc3 cxd5
21. Rxd5 Ne4 22. Qc2 Nf6 23. Rc5 Rab8 24. Nc6 Rb7 25. a4 Re8 26. a5 Qa6 27. h3
Nd7 28. Rc4 Nb8 29. Nd4 Kg7 30. Qc3 Qf6 31. Rc1 e5 32. Nb3 Nd7 33. Rc6 Qe7 34.
Rd1 Reb8 35. Nd2 Nf6 36. Nf3 Rb1 37. Rxb1 Rxb1+ 38. Kh2 Ne4 39. Rc7 Nxc3 40.
Rxe7 e4 41. Nd4 a6 42. Ra7 Nb5 43. Rxa6 Nxd4 44. exd4 Rd1 45. Rd6 Kf8 46. Rd5
Rd3 47. a6 Ra3 48. Rd8+ Ke7 49. Ra8 Kd6 50. a7 Kc6 51. Rc8+ Kb7 52. a8=Q+ Rxa8
53. Rxa8 Kxa8 54. Kg3 Kb7 55. Kf4 f5 56. g4 fxg4 57. hxg4 h5 58. gxh5 gxh5 59.
Kxe4 Kc6 60. f4 Kd6 61. f5 Ke7 62. d5 h4 63. Kf4 h3 64. Kg3 Kf6 65. d6 1-0

[Event "10th Varna it"]
[Site "Golden Sands BUL"]
[Date "1971.09.??"]
[Round "6"]
[White "Radulov, Ivan"]
[Black "Kolarov, Atanas"]
[Result "1/2-1/2"]
[WhiteElo "2485"]
[BlackElo "2435"]
[EventDate "1971.09.02"]
[PlyCount "35"]

1. e4 c6 2. d3 d5 3. Nd2 g6 4. g3 Bg7 5. Bg2 e5 6. Ngf3 Ne7 7. O-O O-O 8. Re1
d4 9. Nc4 b5 10. Na3 a6 11. c3 c5 12. Nc2 Nbc6 13. cxd4 cxd4 14. Bd2 Qd6 15. a3
Be6 16. Nb4 a5 17. Nxc6 Nxc6 18. Qe2 1/2-1/2

[Event "10th Varna it"]
[Site "Golden Sands BUL"]
[Date "1971.09.??"]
[Round "6"]
[White "Smejkal, Jan"]
[Black "Spasov, Luben"]
[Result "0-1"]
[WhiteElo "2515"]
[BlackElo "2420"]
[EventDate "1971.09.02"]
[PlyCount "107"]

1.c4 Nf6 2.Nf3 e6 3.g3 b6 4.Bg2 Bb7 5.O-O Be7 6.b3 O-O 7.Bb2 d5 8.cxd5 
exd5 9.d4 Nbd7 10.Nc3 Re8 11.Rc1 c6 12.Re1 Bf8 13.Nd2 c5 14.e4 cxd4 15.
Nxd5 Nxd5 16.exd5 Rxe1+ 17.Qxe1 Nc5 18.Rc4 Nd3 19.Qb1 Nxb2 20.Qxb2 d3 21.
Rd4 Ba6 22.Bf1 Qf6 23.Ne4 Qe5 24.f4 Qe7 25.b4 f5 26.Nf2 Qe1 27.d6 Rd8 28.
Nxd3 Qe3+ 29.Qf2 Qxf2+ 30.Nxf2 Bxf1 31.Kxf1 Rxd6 32.Rxd6 Bxd6 33.a3 a5 34.
bxa5 bxa5 35.a4 Kf7 36.Ke2 Ke6 37.Kd3 Bc5 38.Nd1 Bg1 39.h3 Bh2 40.Nb2 Bxg3
41.Nc4 Be1 42.Kd4 h6 43.Kd3 g5 44.fxg5 hxg5 45.Kd4 Bb4 46.Nb6 Bd6 47.Nc4 
Bc7 48.Kc5 g4 49.hxg4 fxg4 50.Kd4 g3 51.Nd2 Bb6+ 52.Kc4 Kf5 53.Kb5 Bd8 54.
Nf1 0-1

[Event "10th Varna it"]
[Site "Golden Sands BUL"]
[Date "1971.09.??"]
[Round "6"]
[White "Vasiukov, Evgeny"]
[Black "Damjanovic, Mato"]
[Result "1-0"]
[WhiteElo "2570"]
[BlackElo "2490"]
[EventDate "1971.09.02"]
[PlyCount "85"]

1. e4 c5 2. Nf3 Nc6 3. d4 cxd4 4. Nxd4 Qc7 5. Nc3 e6 6. g3 a6 7. Bg2 Nf6 8. O-O
Be7 9. Re1 O-O 10. Nxc6 dxc6 11. e5 Rd8 12. Qf3 Nd5 13. h4 b5 14. Bg5 h6 15.
Bxe7 Nxe7 16. Qe3 b4 17. Na4 Nd5 18. Qd4 Qa5 19. b3 Rb8 20. Bf1 Bb7 21. Bd3 Nc3
22. Qc5 Qxc5 23. Nxc5 Rd5 24. Nxb7 Rxb7 25. a3 a5 26. axb4 Rxb4 27. Ra3 g5 28.
hxg5 hxg5 29. Rea1 Rxe5 30. Rxa5 Rxa5 31. Rxa5 Nd5 32. Rc5 Rb6 33. c4 Nb4 34.
Rxg5+ Kf8 35. Be4 Ra6 36. g4 Ra3 37. Rh5 Rxb3 38. Rh8+ Ke7 39. Rb8 Kd6 40. g5
Ke5 41. Bxc6 Kf4 42. c5 Kxg5 43. Be8 1-0

[Event "10th Varna it"]
[Site "Golden Sands BUL"]
[Date "1971.09.??"]
[Round "7"]
[White "Damjanovic, Mato"]
[Black "Bobotsov, Milko"]
[Result "1/2-1/2"]
[WhiteElo "2490"]
[BlackElo "2485"]
[EventDate "1971.09.02"]
[PlyCount "30"]

1. e4 c5 2. Nf3 Nc6 3. d4 cxd4 4. Nxd4 Qc7 5. Nc3 e6 6. g3 a6 7. Bg2 Nf6 8. O-O
Be7 9. Re1 d6 10. Nxc6 bxc6 11. e5 dxe5 12. Rxe5 O-O 13. Bf4 Qb7 14. Re3 Nd5
15. Nxd5 exd5 1/2-1/2

[Event "10th Varna it"]
[Site "Golden Sands BUL"]
[Date "1971.09.??"]
[Round "7"]
[White "Kirov, Nino"]
[Black "Minev, Nikolai"]
[Result "1/2-1/2"]
[WhiteElo "2450"]
[BlackElo "2455"]
[EventDate "1971.09.02"]
[PlyCount "37"]

1. Nf3 Nf6 2. c4 e6 3. g3 b6 4. Bg2 Bb7 5. O-O Be7 6. d4 O-O 7. Nc3 Ne4 8. Bd2
d5 9. Ne5 Nd7 10. Nxe4 dxe4 11. Qc2 f5 12. Be3 Nxe5 13. dxe5 c5 14. f3 exf3 15.
exf3 Qc7 16. f4 Rfd8 17. Rad1 Bc6 18. Rxd8+ Rxd8 19. Rd1 1/2-1/2

[Event "10th Varna it"]
[Site "Golden Sands BUL"]
[Date "1971.09.??"]
[Round "7"]
[White "Kolarov, Atanas"]
[Black "Gheorghiu, Florin"]
[Result "1/2-1/2"]
[WhiteElo "2435"]
[BlackElo "2530"]
[EventDate "1971.09.02"]
[PlyCount "51"]

1. Nf3 g6 2. d4 Bg7 3. g3 Nf6 4. Bg2 d6 5. O-O O-O 6. b3 Nbd7 7. Bb2 c6 8. Nbd2
Re8 9. e4 e5 10. dxe5 dxe5 11. Re1 b5 12. a4 Bb7 13. Qe2 a6 14. Red1 Qc7 15.
Ne1 Nc5 16. Nd3 Nfd7 17. Bh3 Nxd3 18. Qxd3 Rad8 19. Qc3 Bf8 20. axb5 axb5 21.
Nf3 f6 22. Qe3 Nb6 23. Bf1 Bc8 24. Ne1 Rxd1 25. Rxd1 Be6 26. Ra1 1/2-1/2

[Event "10th Varna it"]
[Site "Golden Sands BUL"]
[Date "1971.09.??"]
[Round "7"]
[White "Nikolic, Stanimir"]
[Black "Smejkal, Jan"]
[Result "0-1"]
[WhiteElo "2360"]
[BlackElo "2515"]
[EventDate "1971.09.02"]
[PlyCount "70"]

1.e4 c5 2.Nc3 Nc6 3.g3 g6 4.Bg2 Bg7 5.d3 d6 6.Be3 Nf6 7.Qd2 Ng4 8.Bf4 e5 
9.Bg5 f6 10.Be3 Nxe3 11.fxe3 O-O 12.Nge2 Ne7 13.O-O-O Bh6 14.h4 Bg4 15.
Rdf1 Qd7 16.Kb1 b5 17.Nd1 b4 18.Nf2 Be6 19.h5 Kg7 20.hxg6 hxg6 21.Nc1 Rh8 
22.Qe2 Bg5 23.Qf3 a5 24.d4 cxd4 25.exd4 exd4 26.Ncd3 Nc6 27.Nf4 Ne5 28.Qd1
Bc4 29.Re1 Qa7 30.Qd2 Bf7 31.Rxh8 Rxh8 32.b3 Rh2 33.Rg1 d3 34.cxd3 Nf3 35.
Qd1 Qxf2 0-1

[Event "10th Varna it"]
[Site "Golden Sands BUL"]
[Date "1971.09.??"]
[Round "7"]
[White "Padevsky, Nikola"]
[Black "Popov, Luben"]
[Result "1/2-1/2"]
[WhiteElo "2460"]
[BlackElo "2460"]
[EventDate "1971.09.02"]
[PlyCount "39"]

1. d4 d5 2. Nf3 Nf6 3. g3 g6 4. Bg2 Bg7 5. O-O O-O 6. c4 c6 7. cxd5 cxd5 8. Ne5
e6 9. Nc3 Nfd7 10. Nxd7 Bxd7 11. Be3 Nc6 12. Qd2 Rc8 13. Rfd1 Qe7 14. Bh6 Rfd8
15. Bxg7 Kxg7 16. Rac1 Be8 17. e3 Qb4 18. Bf1 Ne7 19. Nb1 Qxd2 20. Nxd2 1/2-1/2

[Event "10th Varna it"]
[Site "Golden Sands BUL"]
[Date "1971.09.??"]
[Round "7"]
[White "Peev, Peicho"]
[Black "Radulov, Ivan"]
[Result "1-0"]
[WhiteElo "2400"]
[BlackElo "2485"]
[EventDate "1971.09.02"]
[PlyCount "83"]

1.d4 Nf6 2.c4 d6 3.Nc3 c6 4.Nf3 Bg4 5.e4 e5 6.Be2 Nbd7 7.Be3 Be7 8.O-O O-O
9.Qc2 Qc7 10.Rfd1 Rfe8 11.Rac1 Bf8 12.d5 c5 13.Ne1 Bxe2 14.Qxe2 g6 15.g4 
Bg7 16.f3 Kh8 17.Kh1 Ng8 18.Nd3 Qd8 19.a3 Rf8 20.Rg1 Bh6 21.Bxh6 Nxh6 22.
b4 b6 23.Rcf1 Qe7 24.Qd2 Ng8 25.Rb1 Rac8 26.bxc5 Nxc5 27.Nb4 Qd7 28.f4 f6 
29.Rbf1 Ne7 30.g5 f5 31.fxe5 dxe5 32.Nd3 Nxd3 33.Qxd3 Nc6 34.Nd1 f4 35.Nf2
Na5 36.Rc1 Qa4 37.Ng4 Nxc4 38.Nf6 Qxa3 39.Rc3 Qb4 40.Rb1 Qa4 41.Qh3 h5 42.
Nxh5 1-0

[Event "10th Varna it"]
[Site "Golden Sands BUL"]
[Date "1971.09.??"]
[Round "7"]
[White "Spasov, Luben"]
[Black "Vasiukov, Evgeny"]
[Result "1/2-1/2"]
[WhiteElo "2420"]
[BlackElo "2570"]
[EventDate "1971.09.02"]
[PlyCount "77"]

1. d4 Nf6 2. c4 g6 3. Nc3 Bg7 4. e4 d6 5. Be2 O-O 6. Bg5 Nbd7 7. Qd2 c6 8. Nf3
e5 9. Rd1 Re8 10. O-O exd4 11. Nxd4 Nc5 12. Qf4 Qe7 13. Rfe1 Qe5 14. Bf3 Nfd7
15. Qe3 Nb6 16. b3 Ne6 17. Nxe6 Bxe6 18. Ne2 Qa5 19. Qd2 Qxd2 20. Rxd2 Be5 21.
Red1 Nd7 22. g3 a5 23. Bg2 Nc5 24. Nd4 Bc8 25. Be3 Bg7 26. f3 f5 27. Nc2 fxe4
28. Rxd6 exf3 29. Bxf3 Bf5 30. Bxc5 Bxc2 31. R1d2 Bf5 32. g4 Be6 33. Bb6 Bf8
34. R6d3 a4 35. Kg2 axb3 36. axb3 Bh6 37. Re2 Bf4 38. Be3 Bc7 39. Bg5 1/2-1/2

[Event "10th Varna it"]
[Site "Golden Sands BUL"]
[Date "1971.09.??"]
[Round "7"]
[White "Szilagyi, Gyorgy"]
[Black "Basman, Michael John"]
[Result "1/2-1/2"]
[WhiteElo "2370"]
[BlackElo "2410"]
[EventDate "1971.09.02"]
[PlyCount "88"]

1. d4 d5 2. c4 e6 3. Nc3 dxc4 4. e4 Nf6 5. Bxc4 Bb4 6. Bg5 h6 7. Bxf6 Qxf6 8.
Nge2 Nd7 9. O-O Nb6 10. Bd3 Bd7 11. Qb3 c5 12. Nb5 O-O 13. a3 a6 14. Nd6 Ba5
15. dxc5 Na4 16. Rfc1 Bc6 17. Rab1 Rad8 18. Qc2 Bc7 19. b4 Bxd6 20. cxd6 Rxd6
21. b5 axb5 22. Bxb5 Bxb5 23. Rxb5 Rc6 24. Qb1 Rd8 25. Rxc6 bxc6 26. Rb8 g6 27.
e5 Qe7 28. g3 Kg7 29. Rxd8 Qxd8 30. Qc2 Qa8 31. Nd4 c5 32. Nb5 Qa5 33. Qc4 Qe1+
34. Kg2 Nb2 35. Qxc5 Qe4+ 36. Kg1 Nc4 37. h4 Nxe5 38. Nd6 Nf3+ 39. Kf1 Nd2+ 40.
Kg1 Nf3+ 41. Kh1 Qa8 42. Qc8 Qxa3 43. Ne8+ Kf8 44. Nf6+ Kg7 1/2-1/2

[Event "10th Varna it"]
[Site "Golden Sands BUL"]
[Date "1971.09.??"]
[Round "8"]
[White "Basman, Michael John"]
[Black "Padevsky, Nikola"]
[Result "1-0"]
[WhiteElo "2410"]
[BlackElo "2460"]
[EventDate "1971.09.02"]
[PlyCount "94"]

1. e4 c5 2. Nf3 e6 3. d4 cxd4 4. Nxd4 a6 5. g3 Nf6 6. Bg2 Be7 7. O-O Qc7 8. Qe2
d6 9. c4 O-O 10. Nc3 Nc6 11. Nc2 b6 12. Bd2 Bb7 13. b3 Rfe8 14. Rfc1 Rac8 15.
Qf1 Nd7 16. Rab1 Qb8 17. h3 Nc5 18. Kh2 Bf6 19. Rd1 Na7 20. b4 Nd7 21. Ne3 b5
22. a4 Bxc3 23. Bxc3 Nb6 24. axb5 axb5 25. c5 dxc5 26. bxc5 Na4 27. Ba1 Nxc5
28. Qe2 Bxe4 29. Bxe4 Nxe4 30. Qg4 Nc3 31. Rd3 f5 32. Qg5 Qe5 33. Ng4 Ne4 34.
Nh6+ Kf8 35. Qh5 Qc7 36. Rbd1 Re7 37. Be5 g6 38. Qh4 Qxe5 39. Rd8+ Re8 40.
Rxe8+ Rxe8 41. Rd7 Qg7 42. Rf7+ Qxf7 43. Nxf7 Kxf7 44. Qxh7+ Kf6 45. f3 Nxg3
46. Kxg3 Nc8 47. Qd7 Rg8 {more moves} 1-0

[Event "10th Varna it"]
[Site "Golden Sands BUL"]
[Date "1971.09.??"]
[Round "8"]
[White "Bobotsov, Milko"]
[Black "Radulov, Ivan"]
[Result "1-0"]
[WhiteElo "2485"]
[BlackElo "2485"]
[EventDate "1971.09.02"]
[PlyCount "69"]

1.d4 Nf6 2.c4 e6 3.Nc3 d5 4.Bg5 Be7 5.Nf3 O-O 6.e3 Nbd7 7.Rc1 b6 8.cxd5 
exd5 9.Bd3 Bb7 10.O-O c5 11.Bf5 c4 12.Ne5 g6 13.Bh3 Nxe5 14.dxe5 Nd7 15.
Bxe7 Qxe7 16.Bxd7 Qxd7 17.Ne4 f5 18.Nf6+ Rxf6 19.exf6 Qc6 20.Qd4 Rf8 21.f3
Qxf6 22.b3 Qxd4 23.exd4 Rc8 24.Rfe1 Kf7 25.Re5 a6 26.Rce1 Rc7 27.bxc4 dxc4
28.d5 Kf6 29.d6 Rc8 30.h4 Bc6 31.Re6+ Kf7 32.Re7+ Kf8 33.Rxh7 Bd5 34.Rh8+ 
Bg8 35.d7 1-0

[Event "10th Varna it"]
[Site "Golden Sands BUL"]
[Date "1971.09.??"]
[Round "8"]
[White "Damjanovic, Mato"]
[Black "Spasov, Luben"]
[Result "1/2-1/2"]
[WhiteElo "2490"]
[BlackElo "2420"]
[EventDate "1971.09.02"]
[PlyCount "99"]

1. e4 c5 2. Nf3 d6 3. Bb5+ Bd7 4. a4 Nc6 5. O-O Nf6 6. Re1 a6 7. Bxc6 Bxc6 8.
e5 dxe5 9. Nxe5 Qd5 10. Nxc6 Qxc6 11. Nc3 e6 12. d3 Be7 13. Bg5 O-O 14. Ne4 Nd5
15. c4 Bxg5 16. Nxg5 Nb4 17. Re3 h6 18. Nf3 Rad8 19. Qe2 Rd6 20. Ne5 Qc7 21.
Rg3 Rfd8 22. Rd1 Rd4 23. h3 Nc6 24. Nxc6 Qxc6 25. Re1 Qd6 26. Qe5 Qxe5 27. Rxe5
Rxd3 28. Rxc5 Rxg3 29. fxg3 Rd1+ 30. Kh2 Rb1 31. Rc8+ Kh7 32. Rc7 Rxb2 33. Rxf7
Kg6 34. Rc7 Kf6 35. g4 Rb4 36. a5 g6 37. Kg3 Ra4 38. Rxb7 Rxa5 39. Kf4 Ra2 40.
Ra7 Rxg2 41. Rxa6 Rc2 42. Rc6 Rc3 43. g5+ hxg5+ 44. Kg4 Rc1 45. Rc8 Ke5 46.
Kxg5 Rg1+ 47. Kh6 Rg3 48. c5 Kf6 49. Rf8+ Ke7 50. Ra8 1/2-1/2

[Event "10th Varna it"]
[Site "Golden Sands BUL"]
[Date "1971.09.??"]
[Round "8"]
[White "Gheorghiu, Florin"]
[Black "Peev, Peicho"]
[Result "1-0"]
[WhiteElo "2530"]
[BlackElo "2400"]
[EventDate "1971.09.02"]
[PlyCount "77"]

1.Nf3 Nf6 2.g3 g6 3.b3 Bg7 4.Bb2 O-O 5.Bg2 d6 6.d4 c6 7.O-O a5 8.a4 Na6 9.
Nbd2 Bf5 10.Nh4 Bd7 11.e4 Rb8 12.Re1 b5 13.e5 Ne8 14.axb5 cxb5 15.Ne4 a4 
16.Nf3 Qc7 17.Qd2 Rc8 18.Nc3 Nb4 19.Nxb5 Qxc2 20.Qxb4 Qxb2 21.Reb1 Qe2 22.
Nc3 Qa6 23.Nd5 Rc2 24.Ne1 Re2 25.Bf1 dxe5 26.Ra2 Rxe1 27.Rxe1 Qe6 28.Nxe7+
Kh8 29.d5 Qf6 30.bxa4 Nd6 31.Nc6 Re8 32.a5 Bf8 33.a6 Nc8 34.Qb7 Bxc6 35.
Qxc6 Qxc6 36.dxc6 Bc5 37.Ra5 Bd4 38.Rd5 Bc3 39.c7 1-0

[Event "10th Varna it"]
[Site "Golden Sands BUL"]
[Date "1971.09.??"]
[Round "8"]
[White "Minev, Nikolai"]
[Black "Kolarov, Atanas"]
[Result "1/2-1/2"]
[WhiteElo "2455"]
[BlackElo "2435"]
[EventDate "1971.09.02"]
[PlyCount "40"]

1. d4 Nf6 2. c4 e6 3. Nf3 Bb4+ 4. Bd2 Qe7 5. e3 O-O 6. Be2 Bxd2+ 7. Qxd2 d6 8.
O-O e5 9. Nc3 c6 10. Qc2 Re8 11. Rfe1 Bg4 12. Rad1 Nbd7 13. Ng5 Bxe2 14. Rxe2
Rad8 15. dxe5 dxe5 16. Red2 Nc5 17. Nce4 Ncxe4 18. Nxe4 Nxe4 19. Qxe4 Rxd2 20.
Rxd2 Rd8 1/2-1/2

[Event "10th Varna it"]
[Site "Golden Sands BUL"]
[Date "1971.09.??"]
[Round "8"]
[White "Popov, Luben"]
[Black "Kirov, Nino"]
[Result "1/2-1/2"]
[WhiteElo "2460"]
[BlackElo "2450"]
[EventDate "1971.09.02"]
[PlyCount "40"]

1. d4 Nf6 2. c4 g6 3. Nc3 d5 4. Nf3 Bg7 5. cxd5 Nxd5 6. Bd2 O-O 7. Rc1 Nb6 8.
Bg5 h6 9. Bh4 c6 10. e3 Be6 11. Be2 N8d7 12. O-O f5 13. Qc2 Qe8 14. Bg3 Qf7 15.
b3 a5 16. Nd2 Nd5 17. Nxd5 Bxd5 18. Bc4 e5 19. Bxd5 Qxd5 20. dxe5 Nxe5 1/2-1/2